000 00221nam a2200085Ia 4500
008 170617s9999 xx 000 0 und d
100 _aAggarwal-O.P
245 0 _aOrganic Chemistry Natural Products
260 _bKrishna Prakashan Meerut
260 _c2016
999 _c15630
_d15630